Lignes de métro, de RER et de tramway à fourche - Île-de-France - Statistiques

Statistiques générales
  • Ce quiz a été pris 337 fois
  • Le résultat moyen est 33 sur 41
Statistiques - réponses
Question Réponse % Correct
Ligne 1 du métro N'en possède pas
98%
Ligne 2 du métro N'en possède pas
94%
Ligne 3 du métro N'en possède pas
94%
Ligne 4 du métro N'en possède pas
94%
Ligne 3bis du métro N'en possède pas
93%
Ligne 5 du métro N'en possède pas
93%
Ligne 6 du métro N'en possède pas
93%
Ligne 11 du métro N'en possède pas
93%
Ligne 14 du métro N'en possède pas
93%
Ligne 12 du métro N'en possède pas
91%
Ligne 8 du métro N'en possède pas
90%
Ligne 7 du métro Possède une ou plusieurs fourches
90%
Ligne 13 du métro Possède une ou plusieurs fourches
90%
Ligne 9 du métro N'en possède pas
89%
RER A Possède une ou plusieurs fourches
87%
RER B Possède une ou plusieurs fourches
86%
RER C Possède une ou plusieurs fourches
86%
RER D Possède une ou plusieurs fourches
86%
Future ligne 18 du métro N'en possédera pas
85%
Tramway T3a N'en possède pas
83%
Tramway T3b N'en possède pas
83%
Future ligne 16 du métro N'en possédera pas
83%
Future ligne 17 du métro N'en possédera pas
83%
Tramway T1 N'en possède pas
82%
Tramway T11 Express - présent N'en possède pas
81%
Tramway T2 N'en possède pas
80%
Tramway T9 N'en possède pas
79%
Tramway T7 N'en possède pas
78%
RER E Possède une ou plusieurs fourches
78%
Tramway T13 Express - présent N'en possède pas
77%
Futur tramway T12 Express N'en possédera pas
77%
Ligne 7bis du métro N'en possède pas
76%
Tramway T6 N'en possède pas
74%
Tramway T5 N'en possède pas
72%
Futur tramway T10 N'en possédera pas
72%
Ligne 10 du métro N'en possède pas
68%
Tramway T11 Express - futur N'en possédera pas
60%
Tramway T4 Possède une ou plusieurs fourches
51%
Tramway T8 Possède une ou plusieurs fourches
45%
Future ligne 15 du métro Possédera une ou plusieurs fourches
43%
Tramway T13 - futur Possédera une ou plusieurs fourches
37%
Aucun quiz correspondant
Distribution des résultats
% des personnes avec chaque résultat
Percentile par nombre de réponses
Votre historique - résultats
Vous n’avez pas pris ce quiz